00305nam a2200121Ia 4500008004100000041001200041082002000053100001900073245002700092260002700119300001400146650002300160231217s9999 xx 000 0 und d aEnglish a658.1 PAD;1 R aPadmavathi, C. 0aFinance and accounting c2005bIcfaiaHyderabad aviii, 205 aFinance,accounting